| 000 | 01262nam2a2200253 4500 | ||
|---|---|---|---|
| 001 | RU\NLR\bibl\1039866 | ||
| 005 | 20250615003236.0 | ||
| 021 |
_aRU _b2006-81479 _94129 |
||
| 035 | _a(NLR Aleph) 001027269 | ||
| 090 |
_a736190 _c736190 |
||
| 100 | _a20070202d2004 |||y0rusy50 ca | ||
| 101 | 0 | _arus | |
| 102 | _aRU | ||
| 105 | _aa ||||||||| | ||
| 200 | 1 |
_aНовейшее время _fО.П. Жалмерова |
|
| 210 |
_d2004 _aБ. м. |
||
| 215 |
_a289 с. _cил. |
||
| 320 | _aБиблиогр.: с. 286-289 и в тексте | ||
| 461 | 0 |
_1001RU\NLR\bibl\848739 _12001#$aИстория государства и права зарубежных стран$vЧ. 4 _91399510 _aБлохина, И. Р. (канд. ист. наук ; 1948-) _cТамбов _d2004 _fИ.Р. Блохина, О.П. Жалменова _nИзд-во ТГУ _oмодульное учебное пособие для студентов и слушателей Академии непрерывного образования ТГУ им. Г.Р. Державина _tИстория государства и права зарубежных стран _vЧ. 4 |
|
| 801 | 0 |
_aRU _bNLR _c20070202 _gRCR |
|
| 801 | 1 |
_aRU _bNLR _c20070202 |
|
| 942 | _cBOOK | ||
| 980 | _aNB | ||